Artificial Intelligence (Record no. 833)

MARC details
000 -LEADER
Fixed length control field 00573nam a2200205 4500
003 - CONTROL NUMBER IDENTIFIER
Control field SEACOMEC
005 - DATE AND TIME OF LATEST TRANSACTION
Control field 20240903115630.0
008 - FIXED-LENGTH DATA ELEMENTS--GENERAL INFORMATION
Fixed length control field 240319b |||||||| |||| 00| 0 eng d
020 ## - INTERNATIONAL STANDARD BOOK NUMBER / ISBN
International Standard Book Number 978- 93-325-4351-5
Price Rs.700.00
040 ## - CATALOGING SOURCE
Original cataloging agency SEACOMEC
041 ## - LANGUAGE CODE
Language code English
082 ## - DEWEY DECIMAL CLASSIFICATION NUMBER
Classification number 006.3
Book Number R967
100 ## - MAIN ENTRY--PERSONAL NAME
Personal name Russell, J. Stuart
245 ## - TITLE STATEMENT
Title Artificial Intelligence
Sub title : A Modern Approach.
Statement of responsibility / Stuart J. Russell and Peter Norvig
250 ## - EDITION STATEMENT
Edition statement 3rd edition
260 ## - IMPRINT
Place of publication UP
Name of publisher Pearson
Date of publication 2021
300 ## - PHYSICAL DESCRIPTION
Page / Vol. No xviii, 1145p
Dimensions 27cm
650 ## - SUBJECT ADDED ENTRY--TOPICAL TERM
Topical term Artificial intelligence
942 ## - ADDED ENTRY ELEMENTS (KOHA)
Koha item type Books
Holdings
Withdrawn status Lost status Source of classification Damaged status Not for loan Home library Current library Date acquired Total Checkouts Call number Accession number Date last seen Price effective from Koha item type
    Dewey Decimal Classification     SEACOM ENGINEERING COLLEGE SEACOM ENGINEERING COLLEGE 19/03/2024   006.3 R967 21500 19/03/2024 19/03/2024 Books
© Seacom Engineering College, All rights reserved.      Powered by Koha